[Event "Mukachevo Rating 41st"]
[Site "Mukachevo"]
[Date "2019.10.01"]
[Round "1"]
[White "Tiba, Vladyslav"]
[Black "Petrovskiy, Vadim1111"]
[Result "1-0"]
[WhiteElo "2360"]
[BlackElo "2197"]
[PlyCount "43"]
[EventDate "2019.10.01"]
[EventType "tourn"]
[EventRounds "9"]
[EventCountry "UKR"]
[SourceTitle "EXT 2020"]
[Source "ChessBase"]
[SourceDate "2019.10.17"]
[SourceVersion "1"]
[SourceVersionDate "2019.10.17"]
[SourceQuality "1"]

1. e4 c5 2. Nf3 Nc6 3. Bb5 g6 4. Bxc6 dxc6 5. d3 Bg7 6. h3 Nf6 7. Nc3 0-0 8. Be3 Nd7 9. Qd2 Re8 10. Bh6 Bh8 11. h4 c4 12. dxc4 Nc5 13. Qe3 Qb6 14. 0-0-0 Be6 15. h5 Rad8 16. Rxd8 Rxd8 17. hxg6 fxg6 18. e5 Bf5 19. Nh4 Be6 20. Qg3 Bf7 21. Nf5 Re8 22. Be3 1-0

[Event "Mukachevo Rating 40th"]
[Site "Mukachevo"]
[Date "2019.08.14"]
[Round "5"]
[White "Tiba, Vladyslav"]
[Black "Shkuran, Danylo"]
[Result "1/2-1/2"]
[WhiteElo "2378"]
[BlackElo "2349"]
[PlyCount "61"]
[EventDate "2019.08.12"]
[EventType "tourn"]
[EventRounds "9"]
[EventCountry "UKR"]
[SourceTitle "CBM 191 Extra"]
[Source "ChessBase"]
[SourceDate "2019.09.30"]
[SourceVersion "1"]
[SourceVersionDate "2019.09.30"]
[SourceQuality "1"]

1. e4 c5 2. Nf3 e6 3. d4 cxd4 4. Nxd4 Nf6 5. Nc3 d6 6. Be2 Be7 7. 0-0 Nc6 8. Be3 0-0 9. Kh1 Nxd4 10. Bxd4 e5 11. Be3 Be6 12. Bg5 Nxe4 13. Bxe7 Nxc3 14. Bxd8 Nxd1 15. Be7 Rfe8 16. Rfxd1 Rxe7 17. Rxd6 Rc7 18. c3 Kf8 19. Kg1 Ke7 20. Rd2 Rd8 21. Rxd8 Kxd8 22. Rd1+ Ke7 23. a3 Bb3 24. Rd2 Bc4 25. Bxc4 Rxc4 26. Kf1 a6 27. Rd5 f6 28. Ke2 Re4+ 29. Kd2 Rf4 30. Ke2 Re4+ 31. Kd2 1/2-1/2

[Event "Budapest FS08 GM"]
[Site "Budapest"]
[Date "2019.08.10"]
[Round "7"]
[White "Tiba, Vladyslav"]
[Black "Fogarasi, Tibor"]
[Result "0-1"]
[WhiteElo "2378"]
[BlackElo "2367"]
[PlyCount "118"]
[EventDate "2019.08.03"]
[EventType "tourn"]
[EventRounds "9"]
[EventCountry "HUN"]
[EventCategory "6"]
[SourceTitle "CBM 191 Extra"]
[Source "ChessBase"]
[SourceDate "2019.09.30"]
[SourceVersion "1"]
[SourceVersionDate "2019.09.30"]
[SourceQuality "1"]

1. e4 c5 2. Nf3 e6 3. d4 cxd4 4. Nxd4 a6 5. Nc3 Qc7 6. Be2 b5 7. 0-0 Bb7 8. Re1 Be7 9. Bf3 d6 10. a4 bxa4 11. Nd5 exd5 12. exd5 Nd7 13. Nf5 g6 14. Nxe7 Nxe7 15. Bf4 f6 16. Bxd6 Qxd6 17. Re6 Qf4 18. d6 Bxf3 19. Rxe7+ Kf8 20. gxf3 Rd8 21. Qd5 Qg5+ 22. Qxg5 fxg5 23. Rxa4 Nc5 24. Rd4 Rxd6 25. Rxh7 Rxd4 26. Rxh8+ Ke7 27. Rh7+ Kf6 28. Ra7 Ke5 29. Kf1 Rd2 30. b4 Ne6 31. Rxa6 Rxc2 32. Ra5+ Kd4 33. Kg2 Rc1 34. h3 Rb1 35. Rb5 Nf4+ 36. Kh2 Nd5 37. Kg3 Ke5 38. Ra5 Rxb4 39. Ra6 Kf5 40. Ra5 Rd4 41. Rc5 Ke5 42. Ra5 Rh4 43. Rc5 Rb4 44. Ra5 Rc4 45. Rb5 Ke6 46. Ra5 Rc1 47. Ra6+ Kf5 48. Ra5 Rg1+ 49. Kh2 Rd1 50. Kg3 Kf6 51. h4 gxh4+ 52. Kxh4 g5+ 53. Kg3 Nf4 54. Ra6+ Kf5 55. Ra5+ Kg6 56. Kh2 Kh5 57. Ra8 Ng6 58. Ra5 Rd3 59. Rf5 Nh4 0-1

[Event "Mukachevo Rating 39th"]
[Site "Mukachevo"]
[Date "2019.06.27"]
[Round "6"]
[White "Vachylya, Andriy"]
[Black "Tiba, Vladyslav"]
[Result "1/2-1/2"]
[WhiteElo "2263"]
[BlackElo "2375"]
[PlyCount "66"]
[EventDate "2019.06.24"]
[EventType "tourn"]
[EventRounds "9"]
[EventCountry "UKR"]
[EventCategory "1"]
[SourceTitle "CBM 191 Extra"]
[Source "ChessBase"]
[SourceDate "2019.09.30"]
[SourceVersion "1"]
[SourceVersionDate "2019.09.30"]
[SourceQuality "1"]

1. e4 c5 2. Nf3 e6 3. c3 d5 4. e5 d4 5. Bb5+ Bd7 6. Qa4 Nc6 7. cxd4 cxd4 8. Na3 a6 9. Bxc6 Bxc6 10. Qxd4 Bxf3 11. Qxd8+ Rxd8 12. gxf3 Bxa3 13. bxa3 Ne7 14. Rb1 b5 15. a4 Rd5 16. d4 Nc6 17. Be3 0-0 18. axb5 axb5 19. 0-0 Nxd4 20. Bxd4 Rxd4 21. Rxb5 Ra4 22. Rb2 g5 23. Rd1 Rfa8 24. Rd7 Rxa2 25. Rbb7 Rf8 26. Rd4 Ra5 27. Rg4 Rxe5 28. f4 Rf5 29. Rxg5+ Rxg5+ 30. fxg5 Rd8 31. Kg2 Kg7 32. Kg3 Kg6 33. h4 Rd1 1/2-1/2

[Event "Mukachevo Rating 39th"]
[Site "Mukachevo"]
[Date "2019.06.24"]
[Round "1"]
[White "Tiba, Vladyslav"]
[Black "Priehoda, Vitezslav"]
[Result "1-0"]
[WhiteElo "2375"]
[BlackElo "2361"]
[PlyCount "107"]
[EventDate "2019.06.24"]
[EventType "tourn"]
[EventRounds "9"]
[EventCountry "UKR"]
[EventCategory "1"]
[SourceTitle "CBM 191 Extra"]
[Source "ChessBase"]
[SourceDate "2019.09.30"]
[SourceVersion "1"]
[SourceVersionDate "2019.09.30"]
[SourceQuality "1"]

1. e4 e5 2. Nf3 Nc6 3. Bb5 a6 4. Ba4 Nf6 5. 0-0 Be7 6. Re1 b5 7. Bb3 0-0 8. h3 d6 9. c3 Bb7 10. d4 Re8 11. Nbd2 Bf8 12. d5 Nb8 13. Nf1 Nbd7 14. N3h2 c6 15. dxc6 Bxc6 16. Bg5 Qc7 17. Qf3 Qb7 18. Ng3 d5 19. Nf5 Re6 20. Qg3 Nxe4 21. Rxe4 dxe4 22. Bxe6 fxe6 23. Ne7+ Bxe7 24. Bxe7 Nb6 25. Bg5 Bd5 26. Ng4 Rf8 27. b3 Kh8 28. Qxe5 Rf5 29. Qd6 h5 30. Ne3 Rf7 31. Bd8 Nd7 32. c4 bxc4 33. bxc4 Qc6 34. Qb4 Qb7 35. Qd6 Qc6 36. Qb4 Qb7 37. Qa5 Bc6 38. Qxh5+ Kg8 39. Bh4 Qb2 40. Qd1 Ba4 41. Qc1 Qd4 42. Rb1 Nc5 43. Qb2 Qxb2 44. Rxb2 Rd7 45. Rb8+ Kf7 46. Rc8 Nd3 47. c5 Nb4 48. Nc4 Nc6 49. Kh2 Rd4 50. Nb6 Ne5 51. Bg3 Nd3 52. c6 Rb4 53. Nxa4 Rxa4 54. c7 1-0

[Event "Budapest FS06 GM"]
[Site "Budapest"]
[Date "2019.06.07"]
[Round "6"]
[White "Tiba, Vladyslav"]
[Black "Ilincic, Zlatko"]
[Result "1/2-1/2"]
[WhiteElo "2375"]
[BlackElo "2405"]
[PlyCount "40"]
[EventDate "2019.06.01"]
[EventType "tourn"]
[EventRounds "9"]
[EventCountry "HUN"]
[SourceTitle "CBM 190 Extra"]
[Source "ChessBase"]
[SourceDate "2019.07.15"]
[SourceVersion "1"]
[SourceVersionDate "2019.07.15"]
[SourceQuality "1"]

1. e4 e5 2. Nf3 Nf6 3. Nxe5 d6 4. Nf3 Nxe4 5. Nc3 Nf6 6. d4 d5 7. Bd3 Be7 8. 0-0 c6 9. h3 Nbd7 10. Re1 0-0 11. a4 a5 12. Bf4 Re8 13. Ne2 Nf8 14. Ng3 Ne6 15. Be5 g6 16. Nf1 Nd7 17. Bg3 Nf6 18. Be5 Nd7 19. Bg3 Nf6 20. Be5 Nd7 1/2-1/2

[Event "Budapest FS06 GM"]
[Site "Budapest"]
[Date "2019.06.05"]
[Round "5"]
[White "Girish, A Koushnik"]
[Black "Tiba, Vladyslav"]
[Result "1/2-1/2"]
[WhiteElo "2444"]
[BlackElo "2375"]
[PlyCount "108"]
[EventDate "2019.06.01"]
[EventType "tourn"]
[EventRounds "9"]
[EventCountry "HUN"]
[SourceTitle "CBM 190 Extra"]
[Source "ChessBase"]
[SourceDate "2019.07.15"]
[SourceVersion "1"]
[SourceVersionDate "2019.07.15"]
[SourceQuality "1"]

1. Nf3 Nf6 2. d4 g6 3. g3 Bg7 4. Bg2 0-0 5. 0-0 d6 6. a4 a5 7. Re1 Nbd7 8. e4 e5 9. Nc3 exd4 10. Nxd4 Re8 11. h3 c6 12. Bf4 Nb6 13. b3 d5 14. Nde2 Qe7 15. Be3 Ra6 16. exd5 Nbxd5 17. Nxd5 Nxd5 18. Bd4 Bxd4 19. Nxd4 Qxe1+ 20. Qxe1 Rxe1+ 21. Rxe1 Nf6 22. g4 h6 23. Nf3 Ra8 24. Ne5 Kg7 25. Nc4 Be6 26. Nd6 Rb8 27. Re5 b6 28. Bxc6 Rd8 29. Nb5 Rd2 30. c4 h5 31. g5 Nd7 32. Bxd7 Bxd7 33. Rd5 Rxd5 34. cxd5 Bxh3 35. Nc7 Bg4 36. d6 Kf8 37. Nd5 Be6 38. Nxb6 Bxb3 39. Nd7+ Ke8 40. Nc5 Bxa4 41. Nxa4 Kd7 42. Nb6+ Kxd6 43. Nc4+ Ke6 44. Nxa5 Kf5 45. Nc4 Kxg5 46. Ne5 f6 47. Nd7 Kf5 48. Kg2 g5 49. Kg3 Kg6 50. Nb6 f5 51. Kf3 h4 52. Nd5 g4+ 53. Kf4 g3 54. fxg3 hxg3 1/2-1/2

[Event "Budapest FS06 GM"]
[Site "Budapest"]
[Date "2019.06.04"]
[Round "4"]
[White "Tiba, Vladyslav"]
[Black "Aczel, Gergely"]
[Result "0-1"]
[WhiteElo "2375"]
[BlackElo "2539"]
[PlyCount "134"]
[EventDate "2019.06.01"]
[EventType "tourn"]
[EventRounds "9"]
[EventCountry "HUN"]
[SourceTitle "CBM 190 Extra"]
[Source "ChessBase"]
[SourceDate "2019.07.15"]
[SourceVersion "1"]
[SourceVersionDate "2019.07.15"]
[SourceQuality "1"]

1. e4 c5 2. Nf3 d6 3. d4 cxd4 4. Nxd4 Nf6 5. Nc3 a6 6. Be3 e5 7. Nb3 Be6 8. f3 h5 9. Qd2 Nbd7 10. Nd5 Nxd5 11. exd5 Bf5 12. Be2 Rc8 13. Rc1 Qh4+ 14. g3 Qa4 15. 0-0 Qxa2 16. f4 Bh3 17. Rfe1 Be7 18. Na5 exf4 19. Bxf4 Qxb2 20. Nc4 Qf6 21. Bf1 Rxc4 22. Bxc4 0-0 23. Rb1 b5 24. Bf1 Bxf1 25. Rxf1 Qg6 26. Ra1 Nc5 27. Be3 Bf6 28. Ra2 Rc8 29. Bxc5 Rxc5 30. Rxa6 Rxc2 31. Qf4 Be5 32. Qxf7+ Qxf7 33. Ra8+ Kh7 34. Rxf7 Rc5 35. Rb7 Rxd5 36. Rab8 h4 37. gxh4 Rd1+ 38. Kg2 Rd2+ 39. Kf3 Rxh2 40. Rxb5 Rxh4 41. Re8 Rh3+ 42. Kg4 Rg3+ 43. Kf5 g6+ 44. Ke4 Kh6 45. Re6 Rh3 46. Ra5 Rb3 47. Rd5 Rh3 48. Rb5 Rg3 49. Ra5 Rg5 50. Rd5 Kh5 51. Kf3 Kh4 52. Rexd6 Bxd6 53. Rxd6 Kh3 54. Kf2 Kh2 55. Kf3 Rg3+ 56. Kf2 Rg4 57. Kf3 Kh3 58. Rd8 g5 59. Rh8+ Rh4 60. Rf8 Kh2 61. Kf2 Rh7 62. Kf3 Rh3+ 63. Kg4 Rg3+ 64. Kh5 g4 65. Kh4 Rf3 66. Rg8 Rh3+ 67. Kg5 g3 0-1

[Event "Mukachevo Rating 38th"]
[Site "Mukachevo"]
[Date "2019.05.14"]
[Round "9"]
[White "Tiba, Vladyslav"]
[Black "Vachylya, Andriy"]
[Result "1/2-1/2"]
[WhiteElo "2370"]
[BlackElo "2285"]
[PlyCount "61"]
[EventDate "2019.05.09"]
[EventType "tourn"]
[EventRounds "9"]
[EventCountry "UKR"]
[EventCategory "2"]
[SourceTitle "CBM 190 Extra"]
[Source "ChessBase"]
[SourceDate "2019.07.15"]
[SourceVersion "1"]
[SourceVersionDate "2019.07.15"]
[SourceQuality "1"]

1. e4 c5 2. Nf3 Nc6 3. g3 Nf6 4. d3 d5 5. Nbd2 g6 6. Bg2 Bg7 7. 0-0 0-0 8. Re1 Qc7 9. c3 Rd8 10. Qc2 b6 11. a4 a5 12. exd5 Nxd5 13. Nc4 Bf5 14. Nh4 Be6 15. Bd2 Ra7 16. Rad1 Ne5 17. Nxe5 Bxe5 18. Nf3 Bg7 19. Bc1 Qc8 20. Nd2 Bg4 21. f3 Bd7 22. Nc4 Bc6 23. Ne5 Ba8 24. Qb3 h5 25. f4 h4 26. Qc2 hxg3 27. hxg3 Bxe5 28. Rxe5 Rad7 29. Qe2 e6 30. Bd2 Ne7 31. Be1 1/2-1/2

[Event "Mukachevo Rating 38th"]
[Site "Mukachevo"]
[Date "2019.05.13"]
[Round "7"]
[White "Larkin, Vladislav"]
[Black "Tiba, Vladyslav"]
[Result "1/2-1/2"]
[WhiteElo "2366"]
[BlackElo "2370"]
[PlyCount "61"]
[EventDate "2019.05.09"]
[EventType "tourn"]
[EventRounds "9"]
[EventCountry "UKR"]
[EventCategory "2"]
[SourceTitle "CBM 190 Extra"]
[Source "ChessBase"]
[SourceDate "2019.07.15"]
[SourceVersion "1"]
[SourceVersionDate "2019.07.15"]
[SourceQuality "1"]

1. e4 e6 2. d4 d5 3. exd5 exd5 4. Nf3 Nf6 5. Bd3 Bd6 6. 0-0 0-0 7. h3 h6 8. Re1 Re8 9. Rxe8+ Qxe8 10. c3 Nc6 11. Nbd2 Ne7 12. Nf1 Bf5 13. Bxf5 Nxf5 14. Ne3 Nxe3 15. Bxe3 Qb5 16. Qb3 Qxb3 17. axb3 a6 18. Re1 Re8 19. Kf1 Kf8 20. Bc1 Rxe1+ 21. Kxe1 Ke7 22. Ke2 Ke6 23. Be3 Ne4 24. Nd2 Nxd2 25. Kxd2 c6 26. Ke2 Bc7 27. Kf3 Kf5 28. g4+ Ke6 29. Bf4 Bxf4 30. Kxf4 g5+ 31. Ke3 1/2-1/2

[Event "Mukachevo Rating 38th"]
[Site "Mukachevo"]
[Date "2019.05.11"]
[Round "4"]
[White "Tiba, Vladyslav"]
[Black "Shankovsky, Andriy"]
[Result "0-1"]
[WhiteElo "2370"]
[BlackElo "2374"]
[PlyCount "80"]
[EventDate "2019.05.09"]
[EventType "tourn"]
[EventRounds "9"]
[EventCountry "UKR"]
[EventCategory "2"]
[SourceTitle "CBM 190 Extra"]
[Source "ChessBase"]
[SourceDate "2019.07.15"]
[SourceVersion "1"]
[SourceVersionDate "2019.07.15"]
[SourceQuality "1"]

1. e4 e5 2. Nf3 Nc6 3. Bb5 a6 4. Ba4 Nf6 5. 0-0 Be7 6. Re1 b5 7. Bb3 0-0 8. d3 d6 9. c3 Na5 10. Bc2 c5 11. Nbd2 Re8 12. Nf1 Bf8 13. h3 Nc6 14. d4 cxd4 15. cxd4 g6 16. a4 Nxd4 17. Nxd4 exd4 18. axb5 Qb6 19. Nd2 Bb7 20. bxa6 Rxa6 21. Rxa6 Qxa6 22. Nf3 Nxe4 23. Nxd4 Bg7 24. Be3 Qa2 25. Qb1 Qc4 26. Qd1 Nc5 27. b3 Qb4 28. Ne2 Ne4 29. Bd4 Nd2 30. Be3 Nf3+ 31. gxf3 Bxf3 32. Qc1 Qh4 33. Kh2 Be5+ 34. Ng3 Bg4 35. Bd3 Qxh3+ 36. Kg1 Bxg3 37. fxg3 Qxg3+ 38. Kf1 Bf3 39. Qc2 Qh3+ 40. Kg1 Qh1+ 0-1

[Event "Mukachevo Rating 37th"]
[Site "Mukachevo"]
[Date "2019.03.13"]
[Round "2"]
[White "Larkin, Vladislav"]
[Black "Tiba, Vladyslav"]
[Result "1-0"]
[WhiteElo "2336"]
[BlackElo "2389"]
[PlyCount "93"]
[EventDate "2019.03.12"]
[EventType "tourn"]
[EventRounds "9"]
[EventCountry "UKR"]
[EventCategory "2"]
[SourceTitle "CBM 189 Extra"]
[Source "ChessBase"]
[SourceDate "2019.06.03"]
[SourceVersion "1"]
[SourceVersionDate "2019.06.03"]
[SourceQuality "1"]

1. d4 Nf6 2. Bf4 g6 3. e3 Bg7 4. h3 0-0 5. Nf3 d6 6. Nbd2 c5 7. c3 cxd4 8. cxd4 Nc6 9. Bc4 Qb6 10. Qb3 Qxb3 11. Nxb3 Bf5 12. a3 Rac8 13. Rc1 a6 14. 0-0 b5 15. Be2 Nd5 16. Bg3 Nb6 17. Nfd2 Na4 18. Bf3 Bd7 19. Rc2 Ne5 20. Be4 Rxc2 21. Bxc2 Nc4 22. Nxc4 bxc4 23. Nd2 Nxb2 24. Rb1 Rc8 25. Ne4 Nd3 26. Nc3 Bc6 27. Bd1 f5 28. Rb6 a5 29. Bh4 Kf7 30. Ra6 h6 31. Rxa5 Rb8 32. Ra6 Be4 33. Ba4 Rb2 34. Bb5 Bd5 35. Ra7 g5 36. a4 gxh4 37. Nxd5 Rb1+ 38. Kh2 Nxf2 39. Rxe7+ Kf8 40. g3 Rb2 41. Rb7 Ne4+ 42. Kg1 c3 43. Rb8+ Kf7 44. Nxc3 Nxc3 45. Be8+ Ke7 46. Rxb2 Kxe8 47. a5 1-0

[Event "Mukachevo Masters"]
[Site "Mukachevo"]
[Date "2018.10.17"]
[Round "1"]
[White "Boricsev, Oleg"]
[Black "Tiba, Vladyslav"]
[Result "0-1"]
[WhiteElo "2298"]
[BlackElo "2337"]
[PlyCount "70"]
[EventDate "2018.10.17"]
[EventType "tourn"]
[EventRounds "9"]
[EventCountry "UKR"]
[EventCategory "3"]
[SourceTitle "CBM 186 Extra"]
[Source "ChessBase"]
[SourceDate "2018.08.24"]
[SourceVersion "1"]
[SourceVersionDate "2018.08.24"]
[SourceQuality "1"]

1. e4 c5 2. c3 d5 3. exd5 Qxd5 4. d4 Nf6 5. Nf3 e6 6. Na3 Nc6 7. Be3 cxd4 8. Nb5 Qd8 9. Nbxd4 Nd5 10. Nxc6 bxc6 11. Bc1 Bd6 12. Bd3 0-0 13. Qc2 f5 14. Bg5 Qc7 15. Nd4 Rb8 16. 0-0-0 h6 17. Bd2 Qb6 18. g4 fxg4 19. Be3 Nxe3 20. fxe3 e5 21. Qb3+ Qxb3 22. Nxb3 Be7 23. Be4 Bg5 24. Rhe1 Rb6 25. Rd6 Be7 26. Rd2 Bh4 27. Red1 Bf2 28. Rd8 Bxe3+ 29. Kc2 Bg5 30. Rxf8+ Kxf8 31. Na5 Be6 32. Nxc6 Bxa2 33. b4 Bf4 34. Rd7 Bxh2 35. Kd3 Bb1+ 0-1

[Event "Arad op 11th"]
[Site "Arad"]
[Date "2018.08.11"]
[Round "8"]
[White "Tiba, Vladyslav"]
[Black "Antal, Gergely"]
[Result "0-1"]
[WhiteElo "2356"]
[BlackElo "2549"]
[PlyCount "76"]
[EventDate "2018.08.05"]
[EventType "swiss"]
[EventRounds "9"]
[EventCountry "ROU"]
[SourceTitle "CBM 185 Extra"]
[Source "ChessBase"]
[SourceDate "2018.07.29"]
[SourceVersion "1"]
[SourceVersionDate "2018.07.29"]
[SourceQuality "1"]

1. e4 c5 2. Nf3 Nc6 3. Bb5 e6 4. 0-0 Nge7 5. d4 cxd4 6. Nxd4 Qb6 7. Nxc6 dxc6 8. Be2 Ng6 9. Nd2 Qc7 10. a4 e5 11. Nc4 Be6 12. Be3 Be7 13. a5 0-0 14. g3 Rfd8 15. Qb1 Nf4 16. gxf4 exf4 17. Qc1 fxe3 18. Qxe3 Rab8 19. Qg3 Qxg3+ 20. hxg3 Rd4 21. b3 Rxe4 22. Bf3 Rd4 23. Rfd1 Rxd1+ 24. Rxd1 a6 25. Nd6 Rd8 26. Nc4 Rxd1+ 27. Bxd1 Bb4 28. Kf1 Kf8 29. Bf3 Ke7 30. Ke2 Bf5 31. Ne3 Be6 32. Nc4 Bxc4+ 33. bxc4 Bxa5 34. Bg4 Kd6 35. Bc8 Kc7 36. Bf5 g6 37. Bh3 Bb4 38. Kd3 a5 0-1

[Event "Arad op 11th"]
[Site "Arad"]
[Date "2018.08.06"]
[Round "2"]
[White "Tiba, Vladyslav"]
[Black "Coca, Cristi Iulian"]
[Result "1/2-1/2"]
[WhiteElo "2356"]
[BlackElo "2024"]
[PlyCount "130"]
[EventDate "2018.08.05"]
[EventType "swiss"]
[EventRounds "9"]
[EventCountry "ROU"]
[SourceTitle "CBM 185 Extra"]
[Source "ChessBase"]
[SourceDate "2018.07.29"]
[SourceVersion "1"]
[SourceVersionDate "2018.07.29"]
[SourceQuality "1"]

1. e4 c5 2. Nf3 e6 3. d4 cxd4 4. Nxd4 a6 5. Nc3 Qc7 6. Be2 b5 7. 0-0 Bb7 8. Re1 Nc6 9. Nxc6 dxc6 10. e5 Bb4 11. a4 Ne7 12. Qd4 Ba5 13. Qg4 Ng6 14. Bd3 Rd8 15. Bg5 Rd7 16. Qh5 Bxc3 17. bxc3 Rd5 18. Bxg6 fxg6 19. Qg4 Qd7 20. Qh4 0-0 21. Be7 Rf5 22. Bd6 h6 23. f3 c5 24. axb5 axb5 25. Qf2 Qc6 26. Rad1 Kh7 27. Rd3 c4 28. Rxd5 Qxd5 29. Qd4 g5 30. Qxd5 Bxd5 31. Ra1 Rf7 32. Ra5 Rb7 33. Kf2 Kg6 34. h3 h5 35. Ke3 g4 36. hxg4 hxg4 37. Ra1 Kf5 38. Rh1 gxf3 39. gxf3 Ra7 40. Rh8 Ra2 41. Rf8+ Kg6 42. Kd2 Ra1 43. f4 Ra8 44. Bb8 Ra1 45. Ke3 Rc1 46. Kd4 Rf1 47. Bd6 Rf3 48. Bb4 Rf1 49. Kc5 Rf3 50. Kxb5 Rf1 51. Kc5 Rf3 52. Kd6 Rf1 53. Bc5 Rf3 54. Bd4 Rf1 55. Ke7 Rf3 56. Kd6 Rf1 57. Bc5 Rf3 58. Bb4 Rf1 59. Ke7 Rf2 60. Rf7 Rf1 61. Kf8 Rf3 62. Kg8 Kh5 63. Rxg7 Rxf4 64. Be7 Rg4 65. Rxg4 Kxg4 1/2-1/2